[Event "FIN-ch 2017"]
[Site "Helsinki"]
[Date "2017.06.12"]
[Round "1"]
[White "Karttunen, Mika"]
[Black "Virtanen, Teemu"]
[Result "1/2-1/2"]
[WhiteElo "2465"]
[BlackElo "2141"]
[Annotator "TA"]
[PlyCount "147"]
[EventDate "2017.??.??"]
[EventType "tourn"]
[EventCountry "FIN"]
[SourceTitle "playchess.com"]
[Source "ChessBase"]
[SourceQuality "1"]

{[%evp 15,147,37,45,23,41,35,58,53,70,42,42,18,39,38,91,8,108,-13,-7,-34,-43,-46,-27,-37,-28,-41,-30,-45,-39,-84,-79,-94,-86,-86,-84,-87,-87,-73,54,-21,-22,-12,-15,-18,0,0,0,0,0,0,0,0,0,0,0,0,0,0,0,0,0,0,0,0,0,0,0,0,0,0,0,0,0,0,0,0,0,0,0,0,-4,-7,-10,-9,-15,-33,0,0,0,0,0,0,0,0,0,0,0,0,0,0,0,0,0,0,0,0,0,-29973,-29974,-12851,-29975,-12851,-29976,-29965,-29970,-12851,0,0,0,0,0,0,0,0,0,0,0,0,0,0,0,0,0,0]} 1. e4 d6 2. d4 Nf6 3. Nc3 e5 4. Nf3 Nbd7 5. Bc4 Be7 6. a4 O-O 7. O-O a6 {C41: Philidor Defence} 8. h3 b6 {LiveBook: 38 Games} 9. d5 $146 ({Predecessor:} 9. Qe2 c6 10. Rd1 Qc7 11. d5 Bb7 12. dxc6 Bxc6 13. Bg5 Qb7 14. Nd5 Bxd5 15. Rxd5 h6 16. Bxf6 Nxf6 17. Nd2 g6 18. Rd3 {½-½ (49) Volokitin,A (2627)-Moiseenko,A (2701) Doha 2014}) 9... Kh8 {White has an edge.} 10. Be3 Nh5 11. Re1 g6 12. Bf1 Ng7 13. a5 f5 14. Bh6 f4 ({Better is} 14... b5 $14) 15. b4 (15. axb6 $16 cxb6 16. Na2) 15... Rg8 {[#]} (15... b5 $11) 16. Bxg7+ (16. axb6 $1 $16 cxb6 17. Bb5) 16... Rxg7 $11 17. b5 g5 18. Nh2 Nf6 19. Be2 axb5 {Strongly threatening ...g4.} 20. axb6 Rxa1 21. Qxa1 b4 22. Nb5 cxb6 23. f3 {[#]} g4 $1 {[%mdl 512]} 24. hxg4 (24. fxg4 Nxe4) 24... h5 25. Qa8 hxg4 26. Nxg4 {[#]} Nh5 (26... Rg8 $1 $17) 27. Na7 (27. Ra1 $1 $14) 27... Bxg4 28. Qxd8+ Bxd8 29. fxg4 Bh4 30. Ra1 Nf6 31. Bf3 Nxg4 32. Bxg4 Rxg4 {[%mdl 4096] Endgame KRB-KRN} 33. Kf1 $1 Rg3 {aiming for ...Ra3.} 34. Nb5 Be7 35. Rb1 Re3 36. Rxb4 Kg8 37. Ra4 Kf8 (37... Kg7 {seems wilder.} 38. Ra7 Kf6 39. Rd7 Rxe4 40. Nxd6 Bxd6 41. Rxd6+ Kf5) 38. Kg1 Kf7 39. Ra7 Kf8 40. Ra4 Re1+ 41. Kh2 Re2 (41... Rb1 $5 {[%cal Rb1b5]} 42. c4 Re1 $11) 42. Kh3 Re3+ 43. Kh2 Re2 44. Kh3 Rxc2 45. Ra8+ Kf7 {And now ...Rc5 would win.} 46. Ra7 Kf6 47. Rb7 Rb2 48. Rxb6 Rb3+ 49. Kh2 Rb4 50. Kh3 Rxe4 {White must now prevent ...Rb4.} 51. Nxd6 Re3+ 52. Kh2 Bxd6 53. Rxd6+ {KR-KR} Kf5 54. Rd8 Rg3 55. d6 Rg7 56. d7 {Threatening mate with Rf8+.} Ke4 57. Kg1 Kd4 58. Kf2 e4 {With the idea ...Kd3.} 59. Rf8 Rxd7 {Threatens to win with ...Kd3.} 60. Rxf4 Kd3 61. g4 $2 {[%mdl 8192]} (61. Rf6 $11) 61... e3+ 62. Kg3 e2 63. Kf2 Kd2 (63... Rd8 $19 64. Rf6 Kd2) 64. Re4 Rf7+ 65. Kg3 e1=Q+ $2 (65... Rf1 $19 66. g5 Kd3) 66. Rxe1 {The position is equal.} Kxe1 {KR-KP} 67. g5 {[%cal Bg4g5,Bg5g6][%mdl 32]} Ke2 68. Kg4 Ke3 69. g6 Rf1 (69... Ra7 $5 {[%cal Re3e4]} 70. Kg5 Ra8 $11) 70. Kg5 Ke4 71. g7 Ke5 {( -> ...Rg1+)} 72. Kg6 Rg1+ 73. Kf7 {[#]} Rxg7+ $1 {[%mdl 512]} 74. Kxg7 {Precision: White = 65%, Black = 54%.} 1/2-1/2

[Event "FIN-ch 2017"]
[Site "Helsinki"]
[Date "2017.06.12"]
[Round "1"]
[White "Sammalvuo, Tapani"]
[Black "Sipila, Vilka"]
[Result "0-1"]
[WhiteElo "2448"]
[BlackElo "2415"]
[Annotator "TA"]
[PlyCount "94"]
[EventDate "2017.??.??"]
[EventType "tourn"]
[EventCountry "FIN"]
[SourceTitle "playchess.com"]
[Source "ChessBase"]
[SourceQuality "1"]

{[%evp 19,94,14,17,17,19,20,33,0,9,6,4,3,8,-6,0,0,4,-7,-8,-4,-5,0,28,28,66,91,116,-116,-116,-116,-111,-116,-114,-123,-121,-106,-112,-123,-118,-115,-90,-82,-102,-131,-122,-162,-141,-162,-151,-201,-191,-220,-220,-419,-410,-385,-384,-413,-413,-531,-514,-767,-754,-741,-687,-674,-593,-753,-668,-1014,-997,-1862,-1824,-29996,-29997,-29997,-29998]} 1. d4 Nf6 2. c4 g6 3. Nc3 Bg7 4. e4 d6 5. Nf3 O-O 6. Be2 e5 7. O-O Nc6 8. dxe5 Nxe5 9. Nxe5 dxe5 10. Bg5 c6 11. Qc2 {E97: King's Indian: Classical Main Line (6...e5 7 0-0 Nc6): 8 Be3 and 8 d5 Ne7, not 9 Ne1} h6 12. Be3 Qe7 13. Rfd1 {White is slightly better.} Ng4 14. Bxg4 Bxg4 15. f3 Be6 16. Na4 $146 ({Predecessor:} 16. c5 Rfd8 17. Rxd8+ Rxd8 18. Rd1 f5 19. Rxd8+ Qxd8 {0-1 (76) Solomons,D (2226)-Grivas,E (2500) Kallithea 2006}) 16... b6 {[%cal Bb7b6,Bb6b5][%mdl 32]} 17. b3 f5 18. c5 b5 19. Nb2 f4 20. Bf2 g5 21. Rd6 g4 22. Rxc6 Rad8 23. Bh4 $2 (23. fxg4 $16 {stays on course. And now h3 would win.} f3 24. Rd1 Bxg4 25. Rxd8 Qxd8 26. g3) 23... Qxh4 $17 24. Rxe6 gxf3 25. gxf3 {Threatens to win with Qg2.} Qh3 $1 {[%csl LRe6,LRf3]} 26. Rd6 Rxd6 27. cxd6 Qxf3 $40 {[%mdl 128] Black is out for blood.} 28. Qd3 Qxd3 29. Nxd3 {[%mdl 4096] Endgame KRB-KRN} Rd8 30. Nb4 Rxd6 31. Nd5 Ra6 $1 32. Rc1 Rxa2 33. Rc7 a5 $1 34. Ne7+ {[#]} Kh8 $1 ({Stronger than} 34... Kh7 35. Nf5 $11) 35. Ng6+ {[#]} Kh7 $1 {[%cal Rh7g6]} 36. Nh4 $2 (36. Nxe5 Ra3 37. Nc6) 36... Kg8 $19 37. Rc8+ Kf7 38. Rc7+ Kf6 39. Rc6+ Kg5 40. Nf5 Bf8 41. Rc8 Bb4 42. Rg8+ Kf6 43. Kf1 f3 44. Rc8 Kg5 45. h4+ Kf4 {( -> ...Ra1+)} 46. Nxh6 Ra1+ 47. Kf2 Be1+ {Precision: White = 28%, Black = 79%.} 0-1

[Event "FIN-ch 2017"]
[Site "Helsinki"]
[Date "2017.06.12"]
[Round "1"]
[White "Agopov, Mikael"]
[Black "Niemi, Kalle"]
[Result "0-1"]
[WhiteElo "2423"]
[BlackElo "2331"]
[Annotator "TA"]
[PlyCount "70"]
[EventDate "2017.??.??"]
[EventType "tourn"]
[EventCountry "FIN"]
[SourceTitle "playchess.com"]
[Source "ChessBase"]
[SourceQuality "1"]

{[%evp 12,70,34,40,30,12,21,18,26,25,40,45,58,50,72,58,54,55,56,33,35,51,60,28,29,48,144,144,188,-46,-42,-41,-47,-185,-175,-175,-180,-233,-256,-376,-314,-319,-327,-584,-588,-593,-554,-819,-785,-775,-773,-29983,-29984,-29984,-1885,-1731,-1779,-29980,-29981,-29981,-29982]} 1. e4 c6 2. d4 d5 3. e5 Bf5 4. Nf3 e6 5. Be2 Ne7 6. O-O Nd7 7. Nbd2 Nc8 {B12: Caro-Kann: Advance Variation} 8. Nb3 Be7 9. Be3 Qc7 $146 {The position is equal.} ({Predecessor:} 9... Ncb6 10. a4 O-O 11. Nfd2 a5 12. Bg4 Nc4 13. Nxc4 dxc4 14. Nd2 {½-½ (27) Rublevsky,S (2703)-Bologan,V (2688) Kragujevac 2009}) 10. a4 h6 11. a5 a6 12. Nfd2 Na7 13. c4 dxc4 14. Nxc4 Nb5 15. Qc1 O-O 16. Rd1 Rfd8 17. Bd3 Bxd3 18. Rxd3 {And now Bxh6! would win.} Bf8 (18... Nc5 $14 19. Nxc5 Bxc5) 19. Qd1 $16 {Hoping for Bxh6!} c5 {[#]} 20. Nb6 $2 (20. Rc1 $1 $18) 20... Nxb6 $15 21. axb6 Qxb6 22. Bxh6 ({Better is} 22. dxc5 $15 Qc7 23. f4) 22... Nxd4 $19 ({Not} 22... gxh6 $2 23. Rg3+ Bg7 24. Qg4 $18) 23. Bg5 Rd5 24. Rh3 (24. Nxd4 {is a better defense.} cxd4 25. Rb3) 24... Rxe5 25. f4 (25. Qd3 $142 Nf3+ 26. Qxf3 Rxg5 27. Qe2) 25... Rf5 26. Nxd4 cxd4 {[%cal Bc5d4,Bd4d3,Bd3d2][%mdl 32]} 27. Qh5 $2 (27. Qb3 {was called for.} Qc6 28. Re1) 27... f6 28. Qh7+ Kf7 29. Bh6 {[#] Rg3 is the strong threat.} d3+ 30. Kh1 d2 {Strongly threatening ...Rc8.} 31. Rg3 Rc8 32. Rxg7+ Bxg7 (32... Ke8 $142 33. Qg6+ Kd8 34. Rd1 Rc1 35. Qg4 Qb3 36. h3 Qxd1+ 37. Kh2 Bxg7 38. Qxg7 Qg1+ 39. Kg3 Qe1+ 40. Kh2 d1=Q 41. Qh8+ Kd7 42. Qh7+ Kc6 43. Qg6 Qh1+ 44. Kg3 Qde1+ 45. Kf3 Qhf1+ 46. Kg4 Qxg2#) 33. Qxg7+ Ke8 {( -> ...Rc1+)} 34. Qf8+ Kd7 35. Qf7+ Kd8 {Precision: White = 33%, Black = 60%.} 0-1

[Event "FIN-ch 2017"]
[Site "Helsinki"]
[Date "2017.06.12"]
[Round "1"]
[White "Maki-Uuro, Miikka"]
[Black "Ebeling, Daniel"]
[Result "1/2-1/2"]
[WhiteElo "2337"]
[BlackElo "2477"]
[Annotator "TA"]
[PlyCount "45"]
[EventDate "2017.??.??"]
[EventType "tourn"]
[EventCountry "FIN"]

{[%evp 14,45,0,-5,-7,-16,-8,-12,-9,0,0,-6,-8,-26,0,0,11,18,13,0,0,-4,37,39,39,0,0,0,62,17,21,17,24,6]} 1. d4 Nf6 2. c4 e6 3. g3 Bb4+ 4. Bd2 a5 5. Bg2 d6 (5... O-O 6. Nf3 b6 7. O-O Bb7 8. Bf4 Be7 9. Nc3 Ne4 10. Qc2 Nxc3 11. Qxc3 d6 12. Qd3 Nd7 13. e4 Bf6 14. Be3 g6 15. Rad1 Bg7 16. Rfe1 e5 17. Bg5 Qe8 18. Qd2 f6 19. Bh6 {0-1 (44) Ding,L (2781)-Wang,Y (2729) Shenzhen 2015}) 6. e4 {E00: Catalan Bogo-Indian (3 g3 Bb4+)} e5 7. Ne2 O-O 8. O-O {LiveBook: 16 Games. The position is equal.} Re8 9. Nbc3 exd4 10. Nxd4 Bxc3 11. Bxc3 Nxe4 12. Bxe4 Rxe4 13. Qf3 Re8 14. Rfe1 $146 Nd7 15. Rxe8+ $1 Qxe8 16. Nb5 Qd8 17. Re1 Ne5 18. Bxe5 dxe5 19. Qd5 Qxd5 20. cxd5 c6 ({Black should try} 20... Bd7 $11 21. Nxc7 Rc8) 21. dxc6 bxc6 22. Rxe5 {[%cal Re5e8] [#]} Bd7 23. Nd4 1/2-1/2

[Event "FIN-ch 2017"]
[Site "Helsinki"]
[Date "2017.06.13"]
[Round "2"]
[White "Karttunen, Mika"]
[Black "Agopov, Mikael"]
[Result "1/2-1/2"]
[WhiteElo "2465"]
[BlackElo "2423"]
[Annotator "TA"]
[PlyCount "113"]
[EventDate "2017.??.??"]
[EventType "tourn"]
[EventCountry "FIN"]
[SourceTitle "playchess.com"]
[Source "ChessBase"]
[SourceQuality "1"]

{[%evp 17,113,5,10,12,8,9,18,19,33,30,23,33,20,12,10,12,18,4,46,23,20,6,13,14,8,8,18,8,6,-14,-9,-14,0,-6,11,0,25,0,0,0,0,-11,0,-30,0,0,0,0,0,0,0,0,0,0,0,0,0,0,0,0,0,0,0,0,0,0,0,-8,0,0,0,0,0,0,0,0,0,0,0,0,0,0,0,0,0,0,0,0,0,0,0,0,0,0,0,0,0,0]} 1. c4 c5 2. Nc3 Nc6 3. Nf3 g6 4. e3 Nf6 5. d4 cxd4 6. exd4 d5 7. cxd5 Nxd5 8. Qb3 e6 9. Bb5 Bg7 10. O-O {A35: Symmetrical English: 2 Nc3 Nc6 3 Nf3} O-O 11. Bxc6 bxc6 12. Na4 Ba6 (12... Qd6 13. Re1 Rb8 14. Qd1 Ne7 15. Bd2 Nf5 16. Bc3 Rd8 17. Re4 Rb5 {½-½ (31) Aronian,L (2792)-So,W (2770) Paris 2016}) 13. Re1 $1 Nb6 14. Nc5 Bc4 15. Qc3 Bd5 16. Ne5 Re8 {[#]} 17. b3 $146 ({Predecessor:} 17. f3 f6 {½-½ (51) Hammer,J (2628)-Yilmaz,M (2569) Tromsoe 2014}) 17... f6 18. Ned3 Nd7 19. Bb2 Nxc5 20. Nxc5 Bf8 {[%cal Bg7f8,Bf8d6,Bd6b4][%mdl 32]} 21. Re2 Qe7 22. Rae1 Qf7 23. Nd3 a5 24. Nc5 {[%cal Bd3c5,Bc5e4,Be4g3][%mdl 32]} Bd6 25. Qc1 Kg7 (25... Bxc5 $5 26. dxc5 a4 $11) 26. Ne4 Bb4 27. Rd1 g5 28. Ba3 Qg6 {[#] And now ...Bxa3 would win.} 29. Ng3 h5 30. Nf1 h4 31. Bxb4 {The position is equal.} axb4 32. Ne3 h3 33. Nxd5 cxd5 34. Qc7+ Qf7 35. Qd6 hxg2 36. Rde1 {[%cal Re2e6]} Qh5 37. Qxb4 Rh8 {[%csl Gh8][%cal Rh5h2]} 38. Qd6 $1 {[#]} e5 $1 {[%csl Gh8][%cal Rh5h2][%mdl 512]} 39. Qd7+ (39. dxe5 Qxh2#) 39... Kg6 {[%csl Gh8][%cal Rh5h2]} 40. h3 $1 Ra7 41. Qxd5 {aiming for Re3.} Qxh3 {[%csl Gh8][%cal Rh3h2]} 42. Qxg2 Qf5 43. dxe5 Rah7 44. Re3 (44. exf6 {with more complications.} Rh2 45. Qxh2 Rxh2 46. Kxh2 Qf4+ 47. Kg1) 44... fxe5 45. Rxe5 Rh1+ $1 46. Qxh1 Rxh1+ 47. Kxh1 Qxf2 $11 {[%mdl 4096] Endgame KQ-KRR} 48. R1e2 Qf1+ 49. Kh2 Qf4+ 50. Kg2 Qg4+ 51. Kf2 (51. Kf1 $5 {[%cal Re5g5]} Qf4+ 52. Ke1 $11) 51... Qf4+ 52. Kg1 Qg4+ 53. Kf1 {Rxg5+! is the strong threat.} Qf4+ 54. Ke1 Qc1+ 55. Kf2 Qf4+ 56. Kg2 Qg4+ 57. Kf2 {Precision: White = 54%, Black = 71%.} 1/2-1/2

[Event "FIN-ch 2017"]
[Site "Helsinki"]
[Date "2017.06.13"]
[Round "2"]
[White "Sipila, Vilka"]
[Black "Maki-Uuro, Miikka"]
[Result "0-1"]
[WhiteElo "2415"]
[BlackElo "2337"]
[Annotator "TA"]
[PlyCount "72"]
[EventDate "2017.??.??"]
[EventType "tourn"]
[EventCountry "FIN"]
[SourceTitle "playchess.com"]
[Source "ChessBase"]
[SourceQuality "1"]

{[%evp 9,72,-32,-13,-26,-20,-25,-25,-60,-49,-74,-25,-56,-39,-42,-47,-114,-82,-116,-117,-141,-74,-72,-77,-59,0,-87,-54,-67,-47,-38,0,0,2,2,2,0,0,0,114,107,184,162,282,291,391,364,376,381,360,340,979,303,281,271,248,0,232,230,324,157,212,233,200,-727,-718]} 1. b3 g6 2. Bb2 Nf6 3. d4 (3. g3 Bg7 4. Bg2 O-O 5. Nf3 d5 6. c4 c6 7. O-O Nbd7 8. d4 Ne4 9. e3 a5 10. Ne1 a4 11. Nd3 axb3 12. axb3 Rxa1 13. Bxa1 Qa5 14. Bb2 Ndf6 15. c5 Ng4 16. Qe2 Bh6 17. Bc1 {1-0 (62) Carlsen,M (2840)-Gupta,A (2645) chess.com INT 2017}) 3... d5 4. Nc3 Bg7 5. Qd2 O-O (5... c5 $5 {[%cal Rc5d4]} 6. dxc5 Be6 $11) 6. O-O-O {A01: Nimzowitsch-Larsen Opening} c6 $146 ({Predecessor:} 6... b6 7. e3 Bb7 8. f3 c5 9. Nge2 Nbd7 10. Nf4 cxd4 11. exd4 {½-½ (50) Hille,R (2043)-Karger,F (2264) Germany 2015}) 7. f3 a5 8. e4 {Black has an edge.} dxe4 9. fxe4 e5 10. d5 cxd5 11. Nxd5 Nxd5 12. exd5 (12. Nf3 $15) 12... a4 13. Ne2 axb3 14. axb3 Bg4 (14... Na6 $142 $1 15. Ng3 Nc5) 15. h3 $17 Bxe2 16. Bxe2 Nd7 ({Black should try} 16... Qd6 $15) 17. h4 (17. d6 $11) 17... Ra2 18. Qb4 Qa8 {...Qa7 is the strong threat.} (18... e4 $5 19. Bxg7 Kxg7 $15) 19. Bb5 $1 {[%cal Rb5d7]} Nf6 {And now ...Nxd5! would win.} 20. Kb1 $1 ({Don't blunder} 20. Bxe5 $2 Rc8 $19) 20... Rd8 $132 {[%mdl 2048] Black is fighting back} 21. d6 e4 22. c3 b6 {Hoping for ...Nd5.} 23. Qc4 Ng4 (23... Ra7 $11 {remains equal.}) 24. Bc6 $16 {[#]} Qa7 (24... b5 $1 $16 {[%mdl 512]} 25. Bxa8 (25. Qxe4 Qa5 $14) (25. Qxb5 Qa6) 25... bxc4 26. Kxa2 Rxa8+ 27. Ba3 Ne3) 25. Qxe4 $18 Nf2 (25... b5 $142) 26. Qe7 Rxb2+ 27. Kxb2 Qb8 28. d7 Bf8 29. Qf6 Nxh1 $2 (29... Nxd1+ 30. Rxd1 Qc7) 30. Rxh1 $2 (30. Rf1 g5 31. Rxh1) 30... Bg7 31. Qe7 Bf8 32. Qf6 Bg7 33. Qg5 h6 (33... Qc7 {was worth a try.}) 34. Qd2 (34. Qe7 $18 Kh7 35. Rh3) 34... b5 {[#]} (34... Qc7 $16 35. Ba4 Qc5) 35. b4 $1 {Threatens to win with Re1.} Qb6 36. Re1 $4 {[%mdl 8192]} (36. Qd5 $18) 36... Qxc6 {Precision: White = 44%, Black = 49%.} 0-1

[Event "FIN-ch 2017"]
[Site "Helsinki"]
[Date "2017.06.13"]
[Round "2"]
[White "Niemi, Kalle"]
[Black "Sammalvuo, Tapani"]
[Result "1/2-1/2"]
[WhiteElo "2331"]
[BlackElo "2448"]
[Annotator "TA"]
[PlyCount "81"]
[EventDate "2017.??.??"]
[EventType "tourn"]
[EventCountry "FIN"]
[SourceTitle "playchess.com"]
[Source "ChessBase"]
[SourceQuality "1"]

{[%evp 22,81,22,25,26,0,0,0,29,29,20,22,29,27,35,13,30,22,35,35,72,38,39,37,37,39,56,22,21,36,39,21,41,12,7,14,20,15,10,0,0,0,0,0,0,0,3,0,0,0,0,0,6,6,6,6,13,0,0,0,0,0]} 1. e4 e5 2. Nf3 Nc6 3. Bb5 {[%cal Bf1b5,Bb5a4,Ba4b3][%mdl 32]} a6 4. Ba4 Nf6 5. O-O Be7 6. Re1 b5 7. Bb3 d6 8. c3 {[%cal Bc2c3,Bc3c4][%mdl 32]} O-O 9. h3 Nb8 10. d4 Nbd7 11. c4 c6 12. Nc3 {[%cal Bb1c3,Bc3e2,Be2g3][%mdl 32]} b4 {C95: Closed Ruy Lopez: Breyer Variation with 10 d4} 13. Ne2 Nxe4 14. Qc2 {[#]} Nef6 $146 ({Predecessor:} 14... f5 15. c5+ d5 16. Be3 Kh8 17. Nxe5 Nxe5 18. dxe5 Bh4 19. Rf1 a5 20. f3 {½-½ (33) Wei,Y (2706)-Mamedyarov,S (2747) Wijk aan Zee 2016}) 15. Ng3 c5 16. dxe5 Nxe5 17. Nxe5 dxe5 18. Rxe5 Bd6 (18... Qc7 $5 {[%cal Rc7e5]} 19. Re2 Bd6 $11) 19. Re2 Re8 20. Bg5 {[#] aiming for Rd1.} Bxg3 21. fxg3 {Strongly threatening Bxf6.} Qd4+ 22. Kh2 Rxe2 23. Qxe2 {Hoping for Bxf6.} Be6 24. Rd1 (24. Rf1 {with more complications.} Qe4 25. Qd2 Nd7 26. Re1 Qd4 27. Qc2) 24... Bg4 $1 {[%cal Rg4e2]} 25. Rxd4 Bxe2 26. Rf4 a5 27. Ba4 h6 {The position is equal.} 28. Bxf6 gxf6 $11 {[%mdl 4096] Endgame KRB-KRB} 29. Bc6 Ra6 30. Bd5 ({Not} 30. Rxf6 Bxc4 31. Rf4 (31. Rxh6 $2 Bb5 $19) 31... Bxa2 $19) 30... Bd3 31. Rf3 Bb1 32. a3 a4 33. g4 Rb6 34. Kg3 bxa3 35. bxa3 Bc2 36. Kf4 (36. Rf2 $5 {[%cal Rf2c2]} Bg6 37. Rf3 $14) 36... Rb1 37. Be4 Rc1 $1 38. Rc3 Rf1+ 39. Rf3 Rc1 $1 40. Rc3 Rf1+ 41. Rf3 {Precision: White = 70%, Black = 63%.} (41. Bf3 $5 {[%cal Rc3c2]} Bh7 42. Kg3 $11) 1/2-1/2

[Event "FIN-ch 2017"]
[Site "Helsinki"]
[Date "2017.06.13"]
[Round "2"]
[White "Virtanen, Teemu"]
[Black "Ebeling, Daniel"]
[Result "1/2-1/2"]
[WhiteElo "2141"]
[BlackElo "2477"]
[Annotator "TA"]
[PlyCount "98"]
[EventDate "2017.??.??"]
[EventType "tourn"]
[EventCountry "FIN"]
[SourceTitle "playchess.com"]
[Source "ChessBase"]
[SourceQuality "1"]

{[%evp 9,98,12,10,15,19,10,20,0,10,-97,-24,-26,-9,-38,-37,-55,-43,-56,-38,-134,-134,-127,-56,-62,-53,-66,2,4,4,4,14,14,13,27,13,19,25,25,69,57,81,93,282,267,287,259,268,165,166,160,210,158,150,138,231,179,181,179,168,159,168,167,250,192,262,262,262,262,262,240,108,8,8,8,8,8,8,8,8,8,8,8,8,0,0,0,0,0,0,0,0]} 1. c4 e5 2. e3 Nf6 3. Nc3 Bb4 4. Nge2 c6 5. a3 Ba5 6. b4 {A22: English Opening: 1...e5 2 Nc3 Nf6} Bc7 7. d4 (7. Bb2 O-O 8. Ng3 Re8 9. c5 d5 10. cxd6 Bxd6 11. Qc2 a5 12. b5 {0-1 (35) Aronian,L (2792)-Anand,V (2784) Zuerich 2016}) 7... a5 {aiming for ...axb4.} 8. Bb2 O-O 9. Qa4 $146 (9. b5 $11 {keeps the balance.}) ({Predecessor:} 9. b5 d5 10. bxc6 dxc4 11. dxe5 Bxe5 12. Qxd8 Rxd8 13. c7 Bxc7 14. Nb5 Bb6 15. Bxf6 gxf6 16. Nf4 a4 17. Bxc4 Ba5+ 18. Kf1 Nc6 {½-½ (18) Lerch,P (2374)-Karpatchev,A (2462) Wasselonne 2014}) 9... Re8 (9... axb4 $17 10. Qxa8 bxc3 11. Nxc3 (11. Bxc3 Ne4 $15) 11... exd4 12. exd4 d5) 10. b5 $11 Qe7 11. h3 d5 12. bxc6 bxc6 13. cxd5 cxd5 14. Nb5 (14. dxe5 $1 $15 Bxe5 15. Nd4) 14... Bd7 $17 15. Rc1 Na6 (15... Bxb5 $1 $17 16. Qxb5 Nbd7) 16. dxe5 $15 Ne4 {Hoping for ...Nac5.} 17. Nf4 $1 {[%cal Rf4d5]} Bxe5 ({Black should try} 17... Qh4 $15 18. Qc2 Bxe5 19. Bxe5 Rac8) 18. Bxe5 $11 {And now Bd4 would win.} Qxe5 19. Qd4 Rab8 20. Qxe5 Rxe5 21. Nd4 Nac5 22. Nd3 Nxd3+ 23. Bxd3 g6 24. O-O Rb2 25. Rc7 $36 {[%mdl 2048] White is really pushing.} Be8 $2 {[#]} (25... Nf6 $16) 26. f4 $1 $18 {[%cal Rf4e5]} Rh5 27. Rc8 Kf8 28. Rb1 Rxb1+ 29. Bxb1 Nd6 30. Rc5 Nc4 31. Bd3 Nxa3 (31... Nxe3 $16 {might work better.} 32. Kf2 (32. Rxa5 Nc4 $16) 32... Nd1+ 33. Kg3 Rh6 34. Rxa5 (34. Rxd5 a4 $16) 34... Nc3) 32. Rxa5 ({Resist} 32. Be2 $6 Rh6) 32... Nc4 33. Ra8 Ke7 34. Kf2 Nd2 35. Ra7+ Kf6 (35... Kd6 {was necessary.} 36. Ra6+ Ke7) 36. Ra5 Ne4+ (36... Kg7 $142 37. Be2 Ne4+ 38. Ke1 Rh4 39. Rxd5 Nc3) 37. Bxe4 dxe4 {[#]} 38. Rxh5 $1 gxh5 {[%mdl 4096] Endgame KB-KN} 39. Kg3 Ba4 40. Ne2 (40. f5 $16) 40... Bb5 $1 $11 {[%cal Rb5e2] The position is equal.} 41. Nc3 Bd3 42. Kh4 Kg6 43. g3 f5 44. g4 hxg4 45. hxg4 Bc4 46. g5 Kg7 47. Kh5 Bf7+ 48. Kh4 Bc4 49. Kh5 Bf7+ {Precision: White = 60%, Black = 39%.} 1/2-1/2